Τα υφαλοχρώματα και το κόστος του στις ναυτιλιακές εταιρείες : διπλωματική εργασία
Αποθηκεύτηκε σε:
| Κύριος συγγραφέας: | |
|---|---|
| Συγγραφή απο Οργανισμό/Αρχή: | |
| Άλλοι συγγραφείς: | , |
| Μορφή: | Thesis Βιβλίο |
| Γλώσσα: | Greek |
| Δημοσίευση: |
2004
|
| Θέματα: | |
| Διαθέσιμο Online: | http://hdl.handle.net/11610/12973 |
| Ετικέτες: |
Προσθήκη ετικέτας
Δεν υπάρχουν, Καταχωρήστε ετικέτα πρώτοι!
|
MARC
| LEADER | 00000cam a2200000 i 4500 | ||
|---|---|---|---|
| 001 | 1/77890 | ||
| 008 | 050603s2004 gre d | ||
| 035 | |l 10078362 | ||
| 040 | |a GR-MY-UA |b gre |e aacr | ||
| 041 | 0 | |a gre | |
| 082 | 0 | |a 623.82 |2 (22) | |
| 100 | 1 | |a Καμπέρη, Μαρία. | |
| 245 | 1 | 3 | |a Τα υφαλοχρώματα και το κόστος του στις ναυτιλιακές εταιρείες : |b διπλωματική εργασία / |c Καμπέρη Μαρία ; επιβλέπων Γλύκας Αλέξανδρος ; διευθυντής σπουδών Λίτινας Νίκος |
| 260 | |c 2004 | ||
| 300 | |a 95 σ.; |b διαγρ., πίν.; |c 30 εκ. | ||
| 502 | |a Διατριβή (μεταπτυχιακή) – Πανεπιστήμιο Αιγαίου, Χίος, 2004. | ||
| 504 | |a Περιλαμβάνει βιβλιογραφία | ||
| 610 | 2 | 0 | |a Πανεπιστήμιο Αιγαίου. |
| 650 | 0 | 0 | |a Shipbuilding. |
| 650 | 0 | 0 | |a Naval architecture. |
| 650 | 0 | 0 | |a Dissertations, Academic |z Greece. |
| 700 | 1 | |a Γλύκας, Αλέξανδρος. |4 ths | |
| 700 | 1 | |a Λίτινας, Νικόλαος. |4 ths | |
| 710 | 1 | |a Πανεπιστήμιο Αιγαίου |b Σχολή Επιστημών της Διοίκησης |b Τμήμα Ναυτιλίας και Επιχειρηματικών Υπηρεσιών |b Πρόγραμμα Μεταπτυχιακών Σπουδών "Ναυτιλία, Μεταφορές και Διεθνές Εμπόριο - ΝΑ.Μ.Ε.". | |
| 852 | |a INST |b CHIOS |c DIATR |e 20050603 |h 623.82 KAM |p 005200025243 |q 005200025243 |t MTXE |y 23 | ||
| 852 | |a INST |b CHIOS |c DIATR |e 20050606 |h 623.82 KAM |p 005200025244 |q 005200025244 |t MTXE |y 23 | ||
| 856 | |u http://hdl.handle.net/11610/12973 | ||
| 901 | |a BIBL2-2005-2 | ||
| 909 | |a Χ |b 119110 | ||
| 909 | |a Χ |b 119109 | ||
| 924 | |a ΚΑΜΠΕΡΗ |b ΜΑΡΙΑ |y ΧΙΟΣ |z 2004-10 | ||
| 970 | |a ΒΑΣΙΛΑΚΗ |b ΝΙΚΗ |z 2005/06/03 | ||